00533nam a22001457a 4500003000400000005001700004008004100021040001400062100002400076245012500100260000900225300003000234500009500264504002800359OSt20171010095518.0120816t xxu||||| |||| 00| 0 eng d aMMSUcULS aGabriel, Marcial D. aTeaching resource package integrating mathematical concepts and skills with direct current circuitscMarcial D. Gabriel  c2001 axiii, 163 leaves c28 cm. aThesis (MA Education-Math) -- Mariano Marcos State University-Graduate School, Laoag City  aBibliography: leaf 128